[Event "MOKATE POL-chW 2019"]
[Site "Warsaw"]
[Date "2019.05.11"]
[Round "1.1"]
[White "Socko, Monika"]
[Black "Szczepkowska, Karina"]
[Result "1/2-1/2"]
[WhiteElo "2445"]
[BlackElo "2431"]
[Annotator "ChessBase"]
[PlyCount "118"]
[EventDate "2019.05.11"]
[EventType "tourn"]
[EventCountry "POL"]
[SourceTitle "playchess.com"]
[Source "ChessBase"]
[SourceQuality "1"]
[TimeControl "40/5400+30:1800+30"]

1. d4 {[%emt 0:00:00]} Nf6 {[%emt 0:00:00]} 2. c4 {[%emt 0:00:00]} e6 {[%emt 0:00:00]} 3. Nf3 Bb4+ {[%emt 0:01:10]} 4. Nbd2 {[%emt 0:00:00]} O-O {[%emt 0:01:29]} 5. g3 {[%emt 0:00:11]} d6 {[%emt 0:10:38]} 6. Bg2 {[%emt 0:01:00]} Qe7 {[%emt 0:04:16]} 7. O-O {[%emt 0:04:33]} Bxd2 {[%emt 0:00:59]} 8. Bxd2 {[%emt 0:05:25]} a5 {[%emt 0:00:40]} 9. Qc2 {[%emt 0:03:04]} Nc6 {[%emt 0:04:49]} 10. e4 {[%emt 0:07:47]} e5 {[%emt 0:01:49]} 11. d5 {[%emt 0:03:07]} Nb8 {[%emt 0:01:37]} 12. Ne1 {[%emt 0:01:30]} c6 {[%emt 0:10:42]} 13. Nd3 {[%emt 0:06:31]} cxd5 {[%emt 0:08:41]} 14. cxd5 {[%emt 0:00:48]} b6 {[%emt 0:01:48]} 15. f4 {[%emt 0:05:54]} Nbd7 {[%emt 0:03:43]} 16. fxe5 {[%emt 0:14:11]} dxe5 {[%emt 0:00:06]} 17. Rae1 {[%emt 0:15:00]} Ba6 {[%emt 0:01:35]} 18. Rf3 {[%emt 0:00:31]} Rac8 {[%emt 0:08:30]} 19. Qd1 {[%emt 0:02:44]} Bxd3 {[%emt 0:08:02]} 20. Rxd3 {[%emt 0:00:05]} Nc5 {[%emt 0:00:36]} 21. Rc3 {[%emt 0:01:14]} Nfd7 {[%emt 0:02:26]} 22. Be3 {[%emt 0:02:09]} g6 {[%emt 0:10:48]} 23. Bh6 {[%emt 0:03:50]} Rfd8 {[%emt 0:04:25]} 24. Bh3 {[%emt 0:03:10]} Nb7 {[%emt 0:03:21]} 25. Rxc8 {[%emt 0:03:52]} Rxc8 {[%emt 0:00:06]} 26. Qf3 {[%emt 0:02:49]} Rc7 {[%emt 0:01:31]} 27. Be3 {[%emt 0:01:12]} Ndc5 {[%emt 0:00:49]} 28. Qg4 {[%emt 0:04:01]} Nd6 {[%emt 0:01:59]} 29. Bg2 {[%emt 0:01:01]} Nc4 {[%emt 0:01:14]} 30. Qe2 {[%emt 0:02:16]} Nxe3 {[%emt 0:01:42]} 31. Qxe3 {[%emt 0:00:02]} Kg7 {[%emt 0:01:01]} 32. b3 {[%emt 0:02:00]} Qd6 {[%emt 0:00:58]} 33. Bf1 {[%emt 0:01:58]} Nd7 {[%emt 0:02:57]} 34. Bb5 {[%emt 0:00:30]} Rc2 {[%emt 0:01:19]} 35. Bxd7 {[%emt 0:02:07]} Qxd7 {[%emt 0:00:03]} 36. Re2 {[%emt 0:01:05]} Rc5 {[%emt 0:00:12]} 37. Qg5 {[%emt 0:01:16]} Qd6 {[%emt 0:00:44]} 38. Kg2 {[%emt 0:00:34]} h6 {[%emt 0:01:18]} 39. Qe3 {[%emt 0:00:18]} Qc7 {[%emt 0:00:16]} 40. Rd2 {[%emt 0:00:00]} Qd6 {[%emt 0:00:00]} 41. Qd3 {[%emt 0:01:39]} h5 {[%emt 0:06:16]} 42. h3 {[%emt 0:04:41]} Rc1 {[%emt 0:01:32]} 43. Rf2 {[%emt 0:02:51]} Rc7 {[%emt 0:01:15]} 44. Qf3 {[%emt 0:03:04]} f6 {[%emt 0:01:23]} 45. h4 {[%emt 0:02:06]} Qd8 {[%emt 0:04:19]} 46. g4 {[%emt 0:01:44]} hxg4 {[%emt 0:00:47]} 47. Qxg4 {[%emt 0:00:01]} Qc8 {[%emt 0:01:28]} 48. Qf3 {[%emt 0:00:12]} Rf7 {[%emt 0:00:46]} 49. Qg3 {[%emt 0:01:33]} Kh7 {[%emt 0:03:27]} 50. Kh2 {[%emt 0:01:48]} Qc1 {[%emt 0:01:34]} 51. Qg4 {[%emt 0:00:51]} f5 {[%emt 0:05:25]} 52. Qf3 {[%emt 0:07:22]} Qh6 {[%emt 0:03:01]} 53. Qg3 {[%emt 0:01:37]} Rg7 {[%emt 0:01:41]} 54. d6 {[%emt 0:06:04]} fxe4 {[%emt 0:00:50]} 55. Qxe5 {[%emt 0:02:51]} Qxh4+ {[%emt 0:02:04]} 56. Kg2 {[%emt 0:00:07]} Qg4+ {[%emt 0:03:15]} 57. Kh1 {[%emt 0:00:07]} Qd1+ {[%emt 0:00:15]} 58. Kg2 {[%emt 0:00:01]} Qg4+ {[%emt 0:00:29]} 59. Kh1 {[%emt 0:00:02]} Qd1+ {[%emt 0:00:15]} 1/2-1/2

[Event "MOKATE POL-chW 2019"]
[Site "Warsaw"]
[Date "2019.05.11"]
[Round "1.2"]
[White "Kulon, Klaudia"]
[Black "Kubicka, Anna"]
[Result "1-0"]
[WhiteElo "2357"]
[BlackElo "2142"]
[Annotator "NA"]
[PlyCount "81"]
[EventDate "2019.05.11"]
[EventType "tourn"]
[EventCountry "POL"]
[SourceTitle "playchess.com"]
[Source "ChessBase"]
[SourceQuality "1"]
[TimeControl "40/5400+30:1800+30"]

1. e4 {[%emt 0:00:00]} c5 {[%emt 0:00:00]} 2. Nf3 {[%emt 0:00:00]} d6 {[%emt 0:00:00]} 3. d4 {[%emt 0:00:00]} Nf6 {[%emt 0:00:07]} 4. Nc3 {[%emt 0:00:00]} cxd4 5. Nxd4 {[%emt 0:00:00]} a6 {[%emt 0:00:11]} 6. Be3 {[%emt 0:00:00]} e5 {[%emt 0:00:06]} 7. Nb3 {[%emt 0:00:00]} Be7 {[%emt 0:00:06]} 8. f3 Be6 {[%emt 0:00:14]} 9. Qd2 {[%emt 0:00:00]} O-O {[%emt 0:00:11]} 10. O-O-O {[%emt 0:00:06]} Nbd7 {[%emt 0:00:04]} 11. g4 {[%emt 0:00:06]} b5 {[%emt 0:00:09]} 12. g5 {[%emt 0:00:06]} b4 {[%emt 0:00:06]} 13. Ne2 {[%emt 0:00:05]} Ne8 {[%emt 0:00:08]} 14. f4 {[%emt 0:00:09]} a5 {[%emt 0:00:07]} 15. f5 {[%emt 0:00:10] B90: Sicilian Najdorf: Unusual White 6th moves, 6 Be3 Ng4 and 6 Be3 e5} Bxb3 {[%emt 0:00:05]} (15... a4 16. fxe6 axb3 17. exf7+ Rxf7 18. Kb1 bxc2+ 19. Qxc2 Bxg5 20. Bxg5 Qxg5 21. Ng3 Kh8 22. Bc4 Rf8 {1-0 (40) Duda,J (2678)-Wojtaszek,R (2746) Germany 2017}) 16. cxb3 {[%emt 0:00:04]} a4 {[%emt 0:00:13]} 17. bxa4 {[%emt 0:00:14]} Rxa4 {[%emt 0:00:07]} 18. Kb1 {[%emt 0:00:15]} Rxa2 {[%emt 0:00:28]} 19. Nc1 {[%emt 0:00:31]} Ra8 {[%emt 0:03:55]} 20. Nb3 {[%emt 0:00:05]} Qc8 {[%emt 0:22:20]} 21. Qd5 {[%emt 0:00:45]} Nc7 {[%emt 0:04:01]} 22. Qc6 {[%emt 0:00:05]} Na6 $146 {[%emt 0:06:41] [#]} ({Black should play} 22... Nb8 $14 23. Qc4 Qd7) ({Predecessor:} 22... Rd8) 23. Bb5 $1 {[%emt 0:00:06]} Qxc6 {[%emt 0:43:04]} 24. Bxc6 {[%emt 0:00:13]} Rad8 {[%emt 0:00:03]} 25. f6 {[%emt 0:02:26]} (25. Na5 $16) 25... gxf6 {[%emt 0:00:16]} 26. gxf6 {[%emt 0:00:05]} Nxf6 {[%emt 0:00:16]} 27. Bh6 {[%emt 0:00:48]} Kh8 {[%emt 0:00:21]} 28. Bxf8 {[%emt 0:00:29]} Rxf8 {[%emt 0:00:36]} 29. Rhf1 {[%emt 0:08:41]} Rg8 {[%emt 0:03:31]} 30. Bb7 {[%emt 0:01:44]} Nc7 {[%emt 0:01:23]} 31. Na5 {[%emt 0:00:19]} Rb8 {[%emt 0:04:54]} 32. Rd3 {[%emt 0:18:01]} ({White should try} 32. Rc1 $16 Ne6 33. Bd5 Nxd5 34. exd5) 32... Ne6 {[%emt 0:02:58]} 33. Bd5 {[%emt 0:05:04]} Nf4 {[%emt 0:04:49]} 34. Nc6 {[%emt 0:00:29]} Rb7 {[%emt 0:04:07]} 35. Rb3 {[%emt 0:01:09]} N6xd5 {[%emt 0:00:14]} 36. exd5 {[%emt 0:00:10]} Nxd5 {[%emt 0:00:51]} 37. Rxf7 {[%emt 0:00:26]} Kg8 {[%emt 0:00:55] [#]} 38. Nd8 $1 {[%emt 0:03:36] Pin} Nf4 {[%emt 0:00:43]} 39. Rg3+ {[%emt 0:03:40]} Ng6 $18 {[%emt 0:00:04]} 40. Rgf3 {[%emt 0:00:00]} Nf4 {[%emt 0:00:00]} 41. R7xf4 {[%emt 0:02:29]} 1-0

[Event "MOKATE POL-chW 2019"]
[Site "Warsaw"]
[Date "2019.05.11"]
[Round "1.3"]
[White "Warakomska, Anna"]
[Black "Rajlich, Iweta"]
[Result "1/2-1/2"]
[WhiteElo "2218"]
[BlackElo "2378"]
[Annotator "ChessBase"]
[PlyCount "87"]
[EventDate "2019.05.11"]
[EventType "tourn"]
[EventCountry "POL"]
[SourceTitle "playchess.com"]
[Source "ChessBase"]
[SourceQuality "1"]
[TimeControl "40/5400+30:1800+30"]

1. e4 {[%emt 0:00:00]} c5 {[%emt 0:00:00]} 2. Nf3 {[%emt 0:00:00]} g6 {[%emt 0:00:00]} 3. d4 {[%emt 0:00:00]} cxd4 {[%emt 0:00:00]} 4. Nxd4 {[%emt 0:00:33]} Bg7 5. c4 {[%emt 0:00:47]} Nc6 {[%emt 0:00:17]} 6. Be3 {[%emt 0:00:30]} Qb6 {[%emt 0:00:08]} 7. Nb3 {[%emt 0:07:09]} Qd8 {[%emt 0:02:40]} 8. Nc3 {[%emt 0:03:21]} Bxc3+ {[%emt 0:00:28]} 9. bxc3 {[%emt 0:00:03]} Nf6 {[%emt 0:00:35]} 10. f3 {[%emt 0:02:23]} O-O {[%emt 0:00:29]} 11. c5 {[%emt 0:05:59]} b6 {[%emt 0:00:22]} 12. Be2 {[%emt 0:11:35]} bxc5 {[%emt 0:00:09]} 13. Bxc5 {[%emt 0:01:39]} d6 {[%emt 0:00:37]} 14. Bf2 {[%emt 0:01:23]} d5 {[%emt 0:13:42]} 15. exd5 {[%emt 0:06:21]} Nxd5 {[%emt 0:00:32]} 16. Qd2 {[%emt 0:00:56]} Nb6 {[%emt 0:10:17]} 17. Qh6 {[%emt 0:07:05]} Qd6 {[%emt 0:06:05]} 18. O-O {[%emt 0:03:20]} Be6 {[%emt 0:07:57]} 19. Rad1 {[%emt 0:05:21]} Qa3 {[%emt 0:04:34]} 20. Bb5 {[%emt 0:05:53]} Bxb3 {[%emt 0:05:59]} 21. axb3 {[%emt 0:01:01]} Ne5 {[%emt 0:04:51]} 22. Bd4 {[%emt 0:05:54]} f6 {[%emt 0:01:23]} 23. b4 {[%emt 0:04:51]} Rfc8 {[%emt 0:11:45]} 24. f4 {[%emt 0:03:18]} Nf7 {[%emt 0:03:21]} 25. Qh3 {[%emt 0:00:06]} Qb3 {[%emt 0:02:03]} 26. Rde1 {[%emt 0:03:50]} Rc7 {[%emt 0:02:24]} 27. Bd3 {[%emt 0:04:55]} Rd8 {[%emt 0:03:22]} 28. Qg3 {[%emt 0:01:06]} Rxc3 {[%emt 0:04:05]} 29. Bxc3 {[%emt 0:00:33]} Qxc3 {[%emt 0:00:10]} 30. Bb1 {[%emt 0:04:47]} Qxb4 {[%emt 0:02:26]} 31. Qe3 {[%emt 0:01:32]} Kf8 {[%emt 0:03:19]} 32. Ba2 {[%emt 0:00:37]} Qd4 {[%emt 0:02:18]} 33. Qxd4 {[%emt 0:03:59]} Rxd4 {[%emt 0:00:02]} 34. Bxf7 {[%emt 0:01:54]} Kxf7 {[%emt 0:00:01]} 35. Ra1 {[%emt 0:00:06]} Rd7 {[%emt 0:04:33]} 36. Rf2 {[%emt 0:01:52]} Rc7 {[%emt 0:01:42]} 37. Rfa2 {[%emt 0:00:39]} Nc8 {[%emt 0:00:10]} 38. Kf2 {[%emt 0:00:48]} h5 {[%emt 0:00:26]} 39. Ke3 {[%emt 0:01:04]} Ke6 {[%emt 0:02:25]} 40. Ra5 {[%emt 0:00:00]} Kd7 {[%emt 0:00:00]} 41. R5a3 {[%emt 0:11:27]} Ke6 {[%emt 0:04:23]} 42. Kf3 {[%emt 0:02:25]} Rc4 {[%emt 0:02:55]} 43. g3 {[%emt 0:04:50]} Kd7 {[%emt 0:08:03]} 44. R1a2 {[%emt 0:03:29]} 1/2-1/2

[Event "MOKATE POL-chW 2019"]
[Site "Warsaw"]
[Date "2019.05.11"]
[Round "1.4"]
[White "Sliwicka, Alicja"]
[Black "Zawadzka, Jolanta"]
[Result "0-1"]
[WhiteElo "2271"]
[BlackElo "2427"]
[Annotator "TA"]
[PlyCount "98"]
[EventDate "2019.05.11"]
[EventType "tourn"]
[EventCountry "POL"]
[SourceTitle "playchess.com"]
[Source "ChessBase"]
[SourceQuality "1"]

{[%evp 13,130,29,57,10,32,0,-12,-1,-5,-8,-11,0,-7,-7,-9,-8,-8,-1,0,0,7,0,33,35,28,26,22,19,26,5,14,23,22,16,16,11,22,0,0,0,0,0,0,-20,-24,-22,-12,-68,0,0,0,-63,-31,-44,-18,-31,-23,-33,-24,-29,-23,-24,-23,-70,-25,-25,-25,-20,-8,-60,-48,-69,-68,-68,-65,-72,-67,-81,-72,-72,-72,-305,-304,-272,-268,-307,-279,-268,-277,-270,-279,-247,-243,-268,-241,-421,-336,-29971,-29972,-29970,-29973,-29973,-29974,-29971,-29973,-29975,-29963,-29975,-29976,-29976,-29977,-29977,-29978,-29977,-29979,-29979,-29980,-29982,-29983]} 1. e4 c5 2. Nc3 Nc6 3. Nf3 e6 4. d4 cxd4 5. Nxd4 Qc7 6. g3 a6 7. Bg2 h5 $146 ({Predecessor:} 7... Nf6 8. O-O {1-0 (51) Lu,S (2570)-Van Foreest,J (2493) Moscow 2015}) 8. O-O {B47: Sicilian: Taimanov: 5 Nc3 Qc7 6 f4, 6 g3 and 6 Be2} Nf6 9. Re1 Nxd4 $1 10. Qxd4 {aiming for Bf4.The position is equal.} Bc5 11. Bf4 d6 $1 12. Qd2 Ng4 13. Re2 e5 14. Nd5 Qd8 15. Bg5 $132 {[%mdl 2048] White is not keeping still} f6 16. Be3 $1 {[%cal Re3c5]} Nxe3 17. Nxe3 Bg4 18. Nxg4 hxg4 19. b4 Ba7 20. Qd5 Qd7 21. Rd2 Rc8 22. Rad1 Ke7 23. Bf1 Qc6 24. Qxc6 Rxc6 25. Be2 Rhc8 26. c4 R8c7 27. a4 Bd4 28. Rc2 g6 29. Kg2 f5 30. Rh1 (30. exf5 $11 gxf5 31. Rh1) 30... b5 (30... fxe4 $15 31. b5 Rc5) 31. axb5 $11 axb5 32. h3 (32. exf5 $11 bxc4 33. Bxg4) 32... gxh3+ ({Reject} 32... bxc4 33. hxg4 fxe4 34. b5 $11) 33. Rxh3 Kf6 34. exf5 Kxf5 {[%cal Rb5c4]} 35. Rh4 bxc4 36. b5 Rc5 37. b6 Rb7 38. Bxc4 Rxb6 {...e4 is the strong threat.} 39. Bd3+ Kf6 {Threatens to win with ...Rxc2.} 40. Rxc5 dxc5 {[%mdl 4096] Endgame KRB-KRB} 41. f4 (41. f3 $11) 41... Rb3 $15 42. Be4 Re3 43. fxe5+ Bxe5 44. Bf3 Rc3 45. Ra4 g5 46. Ra6+ Kf5 {White must now prevent ...g4.} 47. g4+ $2 (47. Ra4 $17) 47... Kf4 $19 48. Ra4+ {[#]} Bd4 $1 49. Be2 Ke3 {Played: Rc3-c2} 0-1

[Event "MOKATE POL-chW 2019"]
[Site "Warsaw"]
[Date "2019.05.11"]
[Round "1.5"]
[White "Dwilewicz, Katarzyna"]
[Black "Majdan, Joanna"]
[Result "0-1"]
[WhiteElo "2028"]
[BlackElo "2371"]
[Annotator "TA"]
[PlyCount "62"]
[EventDate "2019.05.11"]
[EventType "tourn"]
[EventCountry "POL"]
[SourceTitle "playchess.com"]
[Source "ChessBase"]
[SourceQuality "1"]

{[%evp 12,62,36,5,9,16,11,-54,-23,-22,-17,-23,-20,-25,-2,-15,0,-31,-16,-48,-48,-56,-41,-142,-86,-94,-75,-189,-153,-152,-150,-223,-243,-236,-239,-307,-316,-288,-295,-363,-363,-344,-353,-353,-340,-357,-358,-718,-718,-858,-843,-1650,-1583]} 1. e4 g6 2. d4 Bg7 3. Nf3 d6 4. Nc3 Nf6 5. Be2 O-O 6. O-O a6 7. h3 b5 {B08: Pirc Defence: Classical System} 8. a3 (8. e5 Nfd7 9. exd6 cxd6 10. Re1 Bb7 11. Bf1 Nf6 12. Bg5 Nbd7 13. a3 h6 14. Bf4 Nb6 15. Nh2 {0-1 (35) Wang,H (2730)-Andreikin,D (2719) St Petersburg 2018}) 8... Bb7 9. Bd3 ({White should try} 9. e5 $11 Nd5 10. Nxd5 Bxd5 11. Bf4) 9... Nbd7 {Black is slightly better.} 10. Re1 $1 e5 11. dxe5 $146 ({Predecessor:} 11. d5 h6 12. Be3 Ne8 13. g4 Nc5 14. Qd2 f5 15. Bxc5 dxc5 16. exf5 {½-½ (41) Hall,A (1900)-Bush,I (1810) England 2017}) 11... dxe5 12. Bg5 h6 13. Bh4 c5 14. Bf1 Qc7 15. Nd5 Nxd5 16. exd5 Qd6 17. Qd2 ({White should play} 17. c4 $15) 17... g5 ({Resist} 17... Qxd5 18. Rad1 $15) (17... f5 $142 {Strongly threatening ...e4.} 18. Bg3 f4) 18. Bg3 $17 f5 19. Rad1 (19. c4 $17) 19... f4 $36 {[%mdl 2048] White is under strong pressure.} 20. Bh2 Rae8 {...e4 is the strong threat.} 21. Bd3 {[#]} (21. Qa5 $17) 21... c4 $1 {[%cal Rc4d3]} 22. Be4 Nc5 23. Qe2 Nxe4 24. Qxe4 Rd8 25. h4 Bxd5 {[#] Hoping for ...g4.} 26. Qe2 e4 27. Nd4 gxh4 28. Qh5 Qf6 29. Qe2 $2 (29. Ne2 Bf7 30. Qg4) 29... Qg5 {Black is clearly winning.} 30. Qf1 h3 31. g3 e3 {Accuracy: White = 21%, Black = 95%.} 0-1

[Event "MOKATE POL-chW 2019"]
[Site "Warsaw"]
[Date "2019.05.12"]
[Round "2.1"]
[White "Szczepkowska, Karina"]
[Black "Majdan, Joanna"]
[Result "1-0"]
[WhiteElo "2431"]
[BlackElo "2371"]
[Annotator "NA"]
[PlyCount "83"]
[EventDate "2019.05.11"]
[EventType "tourn"]
[EventCountry "POL"]
[SourceTitle "playchess.com"]
[Source "ChessBase"]
[SourceQuality "1"]
[TimeControl "40/5400+30:1800+30"]

1. d4 {[%emt 0:00:00]} Nf6 {[%emt 0:00:00]} 2. c4 {[%emt 0:00:00]} d6 {[%emt 0:00:00]} 3. Nc3 {[%emt 0:00:29]} e5 {[%emt 0:00:00]} 4. d5 {[%emt 0:07:00]} a5 {[%emt 0:00:16]} 5. g3 {[%emt 0:04:51]} g6 {[%emt 0:04:38]} 6. Bg2 {[%emt 0:00:41]} Bg7 {[%emt 0:00:04]} 7. Nf3 {[%emt 0:08:26]} Na6 {[%emt 0:02:04]} 8. e4 {[%emt 0:08:25]} Nc5 {[%emt 0:04:36]} 9. Qc2 {[%emt 0:00:27]} O-O {[%emt 0:02:30]} 10. O-O {[%emt 0:04:20]} c6 {[%emt 0:08:34] E67: King's Indian: Fianchetto: 6...Nbd7} (10... Nh5 11. Be3 f5 12. exf5 Bxf5 13. Qd2 b6 14. Ng5 Nf6 15. Bxc5 bxc5 16. Bh3 Bxh3 17. Nxh3 Qd7 18. Kg2 Qg4 19. f4 Nh5 20. Rae1 exf4 21. Nxf4 Bh6 22. Nce2 Rae8 23. Qxa5 Bxf4 24. Nxf4 Rxe1 {0-1 (24) Golubov,S (2481)-Gupta,A (2637) Abu Dhabi 2016}) 11. dxc6 {[%emt 0:06:34]} bxc6 {[%emt 0:00:15]} 12. Be3 {[%emt 0:00:52]} Ne6 {[%emt 0:05:34]} 13. Rad1 $146 {[%emt 0:06:47]} ({Predecessor:} 13. h3 Nh5 14. Rfd1 f5 15. Na4 f4 16. Bb6 Qe7 17. g4 Nf6 18. c5 {½-½ (43) Pihlgren,G-Adamski,J Krakow 1964}) 13... Ng4 {[%emt 0:08:02]} 14. Bc1 {[%emt 0:05:51]} Qc7 {[%emt 0:05:34]} 15. h3 {[%emt 0:01:34]} Nf6 {[%emt 0:00:05]} 16. b3 {[%emt 0:01:25]} Ne8 {[%emt 0:04:58]} 17. Ba3 {[%emt 0:07:21]} Nd4 {[%emt 0:03:37]} 18. Qd3 {[%emt 0:03:06]} Bb7 {[%emt 0:03:46]} 19. Ne1 {[%emt 0:03:50]} f5 {[%emt 0:02:33]} 20. Nc2 {[%emt 0:02:19]} c5 {[%emt 0:06:06]} 21. exf5 {[%emt 0:03:03]} Bxg2 {[%emt 0:00:34]} 22. Kxg2 {[%emt 0:00:05]} gxf5 {[%emt 0:00:18]} 23. Nxd4 {[%emt 0:01:00]} cxd4 {[%emt 0:01:03]} 24. Nd5 {[%emt 0:00:59]} Qb7 {[%emt 0:03:28]} 25. f3 {[%emt 0:03:23]} Rf7 {[%emt 0:02:21]} 26. g4 {[%emt 0:04:38]} a4 {[%emt 0:08:21]} 27. Rb1 {[%emt 0:07:29]} axb3 {[%emt 0:05:00]} 28. Rxb3 {[%emt 0:00:13]} Qa7 {[%emt 0:05:47]} (28... Qa6 $15) 29. gxf5 {[%emt 0:01:05]} Nf6 {[%emt 0:01:33]} 30. Kh1 {[%emt 0:02:58]} Nxd5 {[%emt 0:01:42]} 31. cxd5 {[%emt 0:00:05]} Qa6 {[%emt 0:02:11]} 32. Qxa6 {[%emt 0:03:05]} Rxa6 {[%emt 0:00:04]} 33. Rc1 {[%emt 0:01:55]} Rxf5 {[%emt 0:00:03]} 34. Rc6 {[%emt 0:00:18]} Ra8 {[%emt 0:03:28]} 35. Bxd6 {[%emt 0:00:18]} Rxa2 {[%emt 0:01:49]} 36. Rb8+ {[%emt 0:00:31]} Bf8 $2 {[%emt 0:01:55] [#]} (36... Kf7 $1 $11) 37. Rcc8 $1 {[%emt 0:00:14]} d3 {[%emt 0:01:54]} 38. Bxf8 {[%emt 0:02:17]} Ra1+ {[%emt 0:01:37]} 39. Kh2 {[%emt 0:00:16]} Ra2+ {[%emt 0:00:21]} 40. Kg3 {[%emt 0:00:00]} Rg5+ {[%emt 0:00:00]} 41. Kh4 {[%emt 0:00:47]} d2 {[%emt 0:01:16]} 42. Bh6+ {[%emt 0:04:23]} 1-0

[Event "MOKATE POL-chW 2019"]
[Site "Warsaw"]
[Date "2019.05.12"]
[Round "2.2"]
[White "Zawadzka, Jolanta"]
[Black "Dwilewicz, Katarzyna"]
[Result "0-1"]
[WhiteElo "2427"]
[BlackElo "2028"]
[Annotator "ChessBase"]
[PlyCount "68"]
[EventDate "2019.05.11"]
[EventType "tourn"]
[EventCountry "POL"]
[SourceTitle "playchess.com"]
[Source "ChessBase"]
[SourceQuality "1"]
[TimeControl "40/5400+30:1800+30"]

1. e4 {[%emt 0:00:00]} e5 {[%emt 0:00:00]} 2. Nc3 {[%emt 0:00:00]} Nf6 {[%emt 0:00:36]} 3. d4 {[%emt 0:00:00]} exd4 {[%emt 0:02:53]} 4. Qxd4 {[%emt 0:00:00]} Nc6 {[%emt 0:00:32]} 5. Qd3 {[%emt 0:00:04]} Bb4 {[%emt 0:01:51]} 6. Bd2 {[%emt 0:00:17]} O-O {[%emt 0:01:47]} 7. O-O-O {[%emt 0:00:25]} Re8 {[%emt 0:06:27]} 8. Nge2 {[%emt 0:00:28]} a5 {[%emt 0:12:50]} 9. f4 {[%emt 0:23:38]} d6 {[%emt 0:03:57]} 10. h3 {[%emt 0:01:46]} Qe7 {[%emt 0:04:48]} 11. Re1 {[%emt 0:09:51]} Be6 {[%emt 0:08:58]} 12. Kb1 {[%emt 0:10:03]} Bc5 {[%emt 0:01:19]} 13. Nc1 {[%emt 0:02:31]} Nb4 {[%emt 0:10:19]} 14. Qf3 {[%emt 0:01:47]} c6 {[%emt 0:00:36]} 15. g4 {[%emt 0:05:39]} Qc7 {[%emt 0:02:16]} 16. g5 {[%emt 0:09:35]} Nd7 {[%emt 0:00:15]} 17. h4 {[%emt 0:00:44]} d5 {[%emt 0:13:43]} 18. exd5 {[%emt 0:06:06]} Nxd5 {[%emt 0:05:51]} 19. Ne4 {[%emt 0:00:25]} Bb4 {[%emt 0:04:15]} 20. c3 {[%emt 0:02:59]} Bf8 {[%emt 0:00:28]} 21. Bd3 {[%emt 0:01:41]} a4 {[%emt 0:00:50]} 22. Ng3 {[%emt 0:02:44]} Nc5 {[%emt 0:04:32]} 23. Bc2 {[%emt 0:00:16]} Nb6 {[%emt 0:01:12]} 24. Rxe6 {[%emt 0:14:35]} Rxe6 {[%emt 0:00:46]} 25. Be3 {[%emt 0:00:42]} Nc4 {[%emt 0:00:34]} 26. Bxh7+ {[%emt 0:03:24]} Kxh7 {[%emt 0:00:13]} 27. Qh5+ {[%emt 0:00:04]} Kg8 {[%emt 0:00:07]} 28. Bxc5 {[%emt 0:00:45]} Bxc5 {[%emt 0:00:07]} 29. g6 {[%emt 0:00:11]} Rxg6 {[%emt 0:01:59]} 30. Qxc5 {[%emt 0:00:05]} Nd2+ {[%emt 0:01:27]} 31. Kc2 {[%emt 0:02:21]} Rxg3 {[%emt 0:00:32]} 32. Re1 {[%emt 0:00:19]} Rg2 {[%emt 0:01:34]} 33. Re2 {[%emt 0:02:07]} Rxe2 {[%emt 0:00:26]} 34. Nxe2 {[%emt 0:00:03]} Ne4 {[%emt 0:00:33]} 0-1

[Event "MOKATE POL-chW 2019"]
[Site "Warsaw"]
[Date "2019.05.12"]
[Round "2.3"]
[White "Rajlich, Iweta"]
[Black "Sliwicka, Alicja"]
[Result "1-0"]
[WhiteElo "2378"]
[BlackElo "2271"]
[Annotator "NA"]
[PlyCount "91"]
[EventDate "2019.05.11"]
[EventType "tourn"]
[EventCountry "POL"]
[SourceTitle "playchess.com"]
[Source "ChessBase"]
[SourceQuality "1"]
[TimeControl "40/5400+30:1800+30"]

1. d4 {[%emt 0:00:00]} Nf6 {[%emt 0:00:00]} 2. g3 {[%emt 0:00:00]} g6 {[%emt 0:00:00]} 3. Bg2 {[%emt 0:00:00]} Bg7 {[%emt 0:00:26]} 4. Nc3 {[%emt 0:00:14]} (4. e4 d6 5. Ne2 O-O 6. Nbc3 e5 7. h3 exd4 8. Nxd4 Bd7 9. O-O Nc6 10. Nb3 Re8 11. Re1 a6 12. a4 Be6 13. Nd5 Ne5 14. Nd4 Bd7 15. Bg5 c6 16. Nxf6+ Bxf6 17. Bxf6 Qxf6 {1-0 (66) Zubov,A (2612)-Demchenko,A (2645) Konya 2017}) 4... d5 {[%emt 0:01:52]} 5. Bg5 {[%emt 0:00:54]} c6 {[%emt 0:03:12]} 6. Qd2 {[%emt 0:00:59] A45: Trompowsky Attack} h6 {[%emt 0:06:31]} 7. Bf4 {[%emt 0:00:29]} Nbd7 {[%emt 0:04:31]} 8. h4 $146 {[%emt 0:00:41]} ({Predecessor:} 8. Nf3 g5 9. Be5 Nxe5 10. Nxe5 Nd7 11. Nxd7 Bxd7 {1-0 (54) Holmsten,A (2307)-Virtanen,A (2303) Finland 2014}) 8... Nh5 {[%emt 0:23:38]} 9. Nf3 {[%emt 0:02:15]} a5 {[%emt 0:07:20]} 10. Rd1 {[%emt 0:03:26]} a4 {[%emt 0:06:52]} 11. Be3 {[%emt 0:12:18]} b5 {[%emt 0:05:37]} 12. Ne5 {[%emt 0:07:26]} Nxe5 {[%emt 0:02:25]} 13. dxe5 {[%emt 0:00:08]} Be6 {[%emt 0:03:45]} 14. Qd4 {[%emt 0:07:58]} Qc7 {[%emt 0:03:26]} 15. Bf4 {[%emt 0:02:32]} Nxf4 {[%emt 0:00:59]} 16. gxf4 {[%emt 0:00:15]} Rb8 {[%emt 0:03:49]} 17. Qc5 {[%emt 0:05:57]} Qb6 {[%emt 0:00:39]} 18. Qxb6 {[%emt 0:00:14]} Rxb6 {[%emt 0:00:03]} 19. e4 {[%emt 0:01:15]} dxe4 {[%emt 0:00:58]} 20. Bxe4 {[%emt 0:00:53]} h5 {[%emt 0:03:01]} 21. b3 {[%emt 0:03:01]} axb3 {[%emt 0:01:30]} 22. axb3 {[%emt 0:00:23]} O-O {[%emt 0:01:01]} 23. Rg1 {[%emt 0:00:56]} Rc8 {[%emt 0:07:24]} 24. Ke2 {[%emt 0:07:41]} Kf8 {[%emt 0:01:02]} 25. Ke3 {[%emt 0:03:33]} Bh6 {[%emt 0:05:21]} 26. Bxg6 {[%emt 0:05:57]} fxg6 {[%emt 0:00:39]} 27. Rxg6 {[%emt 0:00:30]} Bf7 {[%emt 0:00:35]} 28. Rxh6 {[%emt 0:05:30]} Kg7 {[%emt 0:00:06]} 29. Nd5 {[%emt 0:01:57]} Rbb8 $2 {[%emt 0:03:46]} (29... Bxd5 $11 30. Rxh5 Kg6 31. Rg5+ Kf7) 30. Nxe7 {[%emt 0:00:51] Double Attack} Kxh6 {[%emt 0:00:09]} 31. Rd6+ {[%emt 0:03:37]} ({Much less strong is} 31. Nxc8 $6 Rxc8 32. Rd6+) 31... Kg7 {[%emt 0:00:09]} 32. Nxc8 {[%emt 0:04:16]} Rxc8 {[%emt 0:00:04]} 33. f5 {[%emt 0:00:19]} Be8 {[%emt 0:01:45]} 34. Kf4 {[%emt 0:01:22]} c5 {[%emt 0:01:30]} 35. f6+ {[%emt 0:04:18]} Kg6 {[%emt 0:00:29]} 36. Rd1 {[%emt 0:00:37]} c4 {[%emt 0:01:13]} 37. Rg1+ {[%emt 0:00:20]} Kf7 {[%emt 0:00:41]} 38. Rg7+ {[%emt 0:00:33]} Ke6 {[%emt 0:00:03]} 39. Re7+ {[%emt 0:00:07]} Kd5 {[%emt 0:00:03]} 40. Kf5 {[%emt 0:00:00]} cxb3 {[%emt 0:00:00]} 41. cxb3 {[%emt 0:02:41]} b4 {[%emt 0:03:32] [#]} 42. Rxe8 $1 {[%emt 0:07:42]} Rxe8 {[%emt 0:00:35]} 43. f7 $18 {[%emt 0:01:31]} Rxe5+ {[%emt 0:07:57]} 44. Kf4 {[%emt 0:02:28]} Kd4 {[%emt 0:01:56]} 45. f8=Q {[%emt 0:00:30]} Rf5+ {[%emt 0:00:02]} 46. Kxf5 {[%emt 0:00:28]} 1-0